000 04444nam a2200493 a 4500
003 CHAP
005 20250128082828.0
007 cr ||||||a|c|a
008 110126s2010 mx r 00010 spa d
035 _a112016
040 _cCHAP
090 _aTesis
100 1 _aRuíz Álvarez, Osías.
_9100891
245 1 0 _aEstudio agroclimático, requerimiento de riego y reducción del rendimiento de pastos en Tabasco, México
_c/por Osías Ruíz Álvarez; director de tesis Ramón Arteaga Ramírez.
264 1 _aChapingo, Méx. :
_bEl autor,
_c2010.
300 _a1 recurso en línea (113 páginas):
_bcuadros, figuras.
336 _2rdacontent
_atexto
_btxt
337 _2rdamedia
_acomputadora
_bc
338 _2rdacarrier
_arecursos en línea
_bcr
502 _aTesis (M. en Ingenierá Agrícola y uso Integral del Agua) -- UACH. Departamento de Ingeniería Agrícola y Departamento de Irrigación
_bMIAUIA
_cMecánica
_cIrrigación
_d2010.
_gMAE
520 _aLa presente investigación tuvo como objetivos: conocer las épocas y regiones en que se presentan excesos o deficiencias de humedad; y a partir de ello clasificar el clima de la región de acuerdo con la metodología de Thornthwaite, determinar el inicio de la estación de crecimiento a diferentes niveles de probabilidad y la ocurrencia de períodos secos; así como conocer los requerimientos de riego de los pastos y la reducción del rendimiento de éstos cuando se cultivan en condiciones de secano (temporal) y riego deficitario (ETC fijada por etapa). Para la primera parte del estudio se emplearon datos normales de precipitación, temperatura y evaporación de 40 estaciones meteorológicas; mientras que para las dos últimas se utilizó información diaria de precipitación y evaporación de 18 estaciones. Se llevó a cabo el balance hídrico climático tipo Thornthwaite-Mather y el cálculo del índice de humedad. El inicio de la estación de crecimiento al 20, 40, 60 y 80% de probabilidad de no excedencia se definió con la distribución normal a partir del balance hídrico diario realizado con el programa INSTAT, el cual también se empleó para conocer la probabilidad de ocurrencia de períodos secos con duración de siete días y definidos a partir del umbral de 1mm. Con el modelo CROPWAT se calcularon los requerimientos de riego y la reducción del rendimiento de los pastos en condiciones de secano y riego deficitario para tres escenarios de lluvia probabilística: 20 (escenario húmedo), 50 (escenario normal) y 80% (escenario seco). Los resultados demuestran que en Tabasco: existen regiones con excesos todo el año, déficit bajo, déficit moderado, déficit alto y cinco tipos de clima; el inicio de la estación de crecimiento se anticipa en el sur del estado y se retrasa al norte; los requerimientos de riego máximos mensuales para los escenarios húmedo, normal y seco, se dan en Villahermosa durante el mes de abril. De acuerdo con los promedios estatales de reducción para los escenarios normal y seco, la reducción del rendimiento es menor en condiciones de riego deficitario (normal = 2.27% y seco = 3.21%) que en secano (normal = 5.05 y seco = 14%). Con el escenario húmedo no se presentaron reducciones. Palabras clave: Balance hídrico, estación de crecimiento, período seco, requerimiento de riego, reducción del rendimiento, modelo CROPWAT.
590 _aALEPH
_b10
_c20130110
590 _aBATCH-UPD
_b10
_c20130110
590 _aBATCH-UPD
_b10
_c20130410
590 _aBATCH-UPD
_b10
_c20130914
590 _aBATCH-UPD
_b10
_c20140324
590 _aBATCH-UPD
_b10
_c20141002
590 _aCONVERSION
_b10
_c20130109
650 1 4 _aClimatología.
_923864
650 1 4 _aPastos
_xEfecto de la humedad.
_986020
650 1 4 _aPastos
_xIrrigación.
_986054
650 1 4 _aPastos
_xRendimiento.
_986076
650 1 4 _aPastos
_xTabasco.
_986081
650 1 4 _aPrecipitación (Meteorología)
_xTabasco.
_991356
650 1 4 _aSuelos
_xBalance hídrico.
_9110215
700 1 _aArteaga Ramírez, Ramón
_97725
_eDirector de tesis.
856 _uhttp://10.13.5.2/tesis/112016.pdf
_zDESCARGAR PDF
901 _aBK
942 _cTD
_2Clasificación Universidad Autónoma Chapingo
949 _aTesis
_bBC
_cTES
_d33724002228587
_eTS1
_gDonaciØn
_h51818
_i112016
_sb
949 _aTesis
_bBC
_cTES
_d33724002228629
_eTS2
_fc.2
_gDonaciØn
_h51819
_i112016
_sb
999 _c100357
_d100357